| 000 | 00497nam a22001577a 4500 | ||
|---|---|---|---|
| 003 | OSt | ||
| 005 | 20150910103253.0 | ||
| 008 | 150910b xxu||||| |||| 00| 0 eng d | ||
| 040 | _cRUA | ||
| 082 | _aAGR ផេង 1994 B009 Or.1 | ||
| 100 |
_9212 _aផេង វ៉ាន់នី |
||
| 245 | _aស្ថានភាពផលិតកម្ម និងទីផ្សារកៅស៊ូកម្ពុជា | ||
| 260 |
_aPhnom Penh _bRUA _c1994 |
||
| 300 |
_a78p. _bill. _c29cm. |
||
| 942 |
_2ddc _cAGR |
||
| 999 |
_c193 _d193 |
||